000 00657nam a2200229Ia 4500
005 20241129110927.0
008 241129s9999||||xx |||||||||||||| ||und||
020 _a978-93-80651-78-1
037 _aREF
040 _aCRL
_beng
_cCRL
041 _asan
_2san
084 _aO15,6x Q4.1(RR)
_qCRL
100 _aPathak Kumar Narpender [...et al] Ed.
_9722834
245 0 _aWagullaas
_cPathak Kumar Narpender [...et al] Ed.
260 _aDelhi, India
_bVidhayanidhi Prakashan
_c2014
300 _a338p.
365 _aINR
_b700
490 _vVol. 1
650 _aSanskrit Prose
942 _cREF
_hO15,6x Q4.1(RR)
999 _c1228138
_d1228138